000 00887nam a2200265Ia 4500
001 21646
005 20260320113301.0
008 260320s9999||||xx |||||||||||||| ||und||
020 _a9788491105244
041 _aESP
082 _a572
_bF34
100 _aFeduchi Canosa, Elena,
_eAUT
245 0 _aBioquímica :
_bconceptos esenciales
246 _a
_5
_b
250 _aSegunda edición
260 _aMadrid :
_bMédica Panamericana
_c2015
300 _axiii, 456 páginas :
_bilustraciones, tablas ;
_c28 cm.
_e
440 _a
_n
_v
650 _aTCA
653 _aBioquímica; Conceptos
654 _aCCS
700 _aRomero Magdalena, Carlos; Yáñez Conde, Esther; Blasco Castiñeyra, Isabel [y otro más],
_cAUTS
856 _uhttps://accessmedicina-mhmedical-com.ucsp.lookproxy.com/
_zVéase además: Base de datos McGraw Hill Access Medicina
942 _cLIB
_dJUS
_fMIP
_2ddc
_n
999 _c21646
_d21646